Historia del derecho romano.
Na minha lista:
| Autor principal: | |
|---|---|
| Outros Autores: | |
| Formato: | Livro |
| Publicado em: |
Madrid, España:
Revista de Derecho Privado,
1944.
|
| Colecção: | C. Tratados generales de Derecho Privado y Público
|
| Assuntos: | |
| Tags: |
Adicionar Tag
Sem tags, seja o primeiro a adicionar uma tag!
|
MARC
| LEADER | 00000nam a22000007a 4500 | ||
|---|---|---|---|
| 003 | CL-VaPUC | ||
| 005 | 20220822114854.0 | ||
| 008 | 220810t1944 ||||| |||| 00| 0 eng d | ||
| 999 | |c 438237 |d 438235 | ||
| 040 | |c Pontificia Universidad Católica de Valparaíso | ||
| 082 | 7 | |a 340.54 BON 1944 |2 22 | |
| 100 | 1 | |a Bonfante, Pietro |e autor |9 875320 | |
| 245 | |a Historia del derecho romano. | ||
| 260 | |a Madrid, España: |b Revista de Derecho Privado, |c 1944. | ||
| 300 | |a Volumen 2; 379 páginas. | ||
| 490 | |a C. Tratados generales de Derecho Privado y Público |n 25. | ||
| 500 | |a c.1 Donación Familia Prof. Alejandro Guzmán Brito. | ||
| 583 | |c 20220810 |k Catalogador Asistente | ||
| 650 | |a Derecho romano |9 875518 | ||
| 700 | |a Santa Cruz Teijeiro, José |e traducción |9 875321 | ||
| 942 | |2 ddc |c BK |n 0 | ||
| 952 | |0 0 |1 0 |2 ddc |4 0 |6 340_540000000000000_BON_1944 |7 1 |8 C_AGB |9 586117 |a BIBDER |b BIBDER |d 2022-08-10 |e Donación |h v.II |i 5654101 |o 340.54 BON 1944 |p 5654101 |r 2023-01-25 |t 1 |w 2022-08-10 |y BK_US |k AGB | ||